Democracies ; (Record no. 1315)

MARC details
000 -LEADER
fixed length control field 00567pam a2200169 4500
001 - CONTROL NUMBER
control field 1740
005 - DATE AND TIME OF LATEST TRANSACTION
control field 20181127163914.0
008 - FIXED-LENGTH DATA ELEMENTS--GENERAL INFORMATION
fixed length control field 850923s1984 ctua b 001 0 eng
010 ## - LIBRARY OF CONGRESS CONTROL NUMBER
LC control number 83014639
100 1# - MAIN ENTRY--PERSONAL NAME
Personal name Lijphart, Arend.
245 10 - TITLE STATEMENT
Title Democracies ;
Remainder of title patterns of majoritarian and consensus government in twenty-one countries /
Statement of responsibility, etc. Arend Lijphart.
260 ## - PUBLICATION, DISTRIBUTION, ETC.
Place of publication, distribution, etc. New Haven :
Name of publisher, distributor, etc. Yale University Press,
Date of publication, distribution, etc. c1984.
300 ## - PHYSICAL DESCRIPTION
Extent xv, 229 p. :
Other physical details ill. ;
Dimensions 21 cm.
504 ## - BIBLIOGRAPHY, ETC. NOTE
Bibliography, etc. note Includes bibliographical references and index.
650 #0 - SUBJECT ADDED ENTRY--TOPICAL TERM
Topical term or geographic name entry element Comparative government.
Topical term or geographic name entry element Democracy.
Holdings
Withdrawn status Lost status Source of classification or shelving scheme Damaged status Not for loan Collection code Home library Current library Shelving location Serial Enumeration / chronology Inventory number Total Checkouts Full call number Barcode Date last seen Price effective from Koha item type
    Dewey Decimal Classification     Main TEST RTC Library RTC Library Main opac 1124   321.8 LIJ 30005726 27/11/2018 27/11/2018 Main
Royal Thimphu College || All Right Reserved